L’eugénisme comme médecine sociale : l’époque de Weimar (notice n° 1655714)

détails MARC
000 -LEADER
fixed length control field 01476cam a2200169 4500500
005 - DATE AND TIME OF LATEST TRANSACTION
control field 20260208010237.0
041 ## - LANGUAGE CODE
Language code of text/sound track or separate title fre
042 ## - AUTHENTICATION CODE
Authentication code dc
100 10 - MAIN ENTRY--PERSONAL NAME
Personal name Weindling, Paul
Relator term author
245 00 - TITLE STATEMENT
Title L’eugénisme comme médecine sociale : l’époque de Weimar
260 ## - PUBLICATION, DISTRIBUTION, ETC.
Date of publication, distribution, etc. 2005.<br/>
500 ## - GENERAL NOTE
General note 67
520 ## - SUMMARY, ETC.
Summary, etc. The Weimar Republic saw new concerns to weed out supposedly “inferior” persons who spread psychological and physical disabilities. Within the framework of a democratic state, professional experts sought to identify those of “lesser value” – the so-called Minderwertigen. On the other hand, those of high eugenic value were encouraged to have large families. Eugenics should be seen as part of a human economy – or Menschenökonomie – promoting a fit and strong population. The targets of Weimar eugenic welfare schemes included juvenile delinquents, vagrants, the mentally ill, and the mentally and physically disabled. Population was the “organic capital of the state”. These concepts allowed for a biological programming of public health and social welfare. At the time these measures seemed progressive, but in retrospect they can be seen as laying the foundations of a “racial state”.
700 10 - ADDED ENTRY--PERSONAL NAME
Personal name Richard, Jean-Pierre
Relator term author
786 0# - DATA SOURCE ENTRY
Note Revue d’Histoire de la Shoah | 183 | 2 | 2005-10-19 | p. 135-142 | 2111-885X
856 41 - ELECTRONIC LOCATION AND ACCESS
Uniform Resource Identifier <a href="https://shs.cairn.info/revue-d-histoire-de-la-shoah-2005-2-page-135?lang=fr&redirect-ssocas=7080">https://shs.cairn.info/revue-d-histoire-de-la-shoah-2005-2-page-135?lang=fr&redirect-ssocas=7080</a>

Pas d'exemplaire disponible.

PLUDOC

PLUDOC est la plateforme unique et centralisée de gestion des bibliothèques physiques et numériques de Guinée administré par le CEDUST. Elle est la plus grande base de données de ressources documentaires pour les Étudiants, Enseignants chercheurs et Chercheurs de Guinée.

Adresse

627 919 101/664 919 101

25 boulevard du commerce
Kaloum, Conakry, Guinée

Réseaux sociaux

Powered by Netsen Group @ 2025